LEADER 01046nam a2200277 i 4500 001 991001683139707536 005 20020507150514.0 008 000124s1965 it ||| | ita 035 $ab1154885x-39ule_inst 035 $aLE02723150$9ExL 040 $aDip.to Studi Giuridici$bita 082 0 $a347 084 $aPR-IV/B 100 1 $aD'Amore, Giovanni$0263302 245 12$aL'affidamento della prole nella separazione personale tra coniugi /$cGiovanni D'Amore 260 $aNapoli :$bJovene,$c1965 300 $a108 p. ;$c19 cm. 490 0 $aManuali Jovene Serie pratica 500 $aFinito di stampare nel 1964 650 4$aSeparazione coniugale - Provvedimenti riguardo ai figli 907 $a.b1154885x$b01-03-17$c02-07-02 912 $a991001683139707536 945 $aLE027 PR-IV/B 10$g1$i2027000283835$lle027$o-$pE0.00$q-$rl$s- $t0$u1$v0$w1$x0$y.i11748278$z02-07-02 996 $aAffidamento della prole nella separazione personale tra coniugi$9689543 997 $aUNISALENTO 998 $ale027$b01-01-00$cm$da $e-$fita$git $h2$i1 LEADER 01423oam 2200457 n 450 001 996392743003316 005 20230920154648.0 035 $a(GALE)0744800200 035 $a(Uk-ES)006211139 035 $a(OCoLC)642287804 035 $a(CU-RivES)T11381 035 $a(NjHacI)993360000000333731 035 $a(EXLCZ)993360000000333731 100 $a20781208d1745 uy | 101 0 $aeng 135 $aur|n||||||||n 181 $ctxt$2rdacontent 182 $cc$2rdamedia 183 $acr$2rdacarrier 200 02$aA song to the tune of, The abbot of Canterbury, &c$b[electronic resource] 210 $a[Edinburgh?$d1745?] 210 1$aEdinburgh :$cCengage Gale,$d1745. 215 $a1 online resource (1 sheet ) 300 $a"What child has nor [sic] heard of a conquering tour". 300 $aOn Louis XV and the Young Pretender. 300 $aIn this edition, there is a rule beneath the text. 300 $aReproduction of original from British Library. 330 $aeebo-0018 606 $aSongs, English$vEarly works to 1800 608 $aSingle sheet verse.$2rbgenr 608 $aSongs.$2rbgenr 615 0$aSongs, English 676 $a821.04 801 0$bUk-ES 801 1$bUk-ES 801 2$bCStRLIN 801 2$bCengage Gale 906 $aBOOK 912 $a996392743003316 996 $aA song to the tune of the Abbot of Canterbury, &c$92361134 997 $aUNISA